|
|
|
|
| LEADER |
02821nam a22003977a 4500 |
| 001 |
43484 |
| 003 |
BD-DhAAL |
| 008 |
241002t2024 enka r 000 0 eng d |
| 020 |
|
|
|a 9780113231041
|
| 040 |
|
|
|a BD-DhAAL
|c BD-DhAAL
|
| 082 |
0 |
0 |
|a 615.11
|2 23
|
| 245 |
0 |
0 |
|a British pharmacopoeia
|f 2025.
|n Volume I.
|
| 246 |
|
|
|a British pharmacopoeia 2025
|
| 260 |
|
|
|a London :
|b The Stationery Office,
|c 2025.
|
| 300 |
|
|
|a I-xxxii, I-1417 pages :
|b illustrations ;
|c 31 cm.
|
| 362 |
|
|
|a Vol. 1
|
| 500 |
|
|
|a Effective date 1st January 2025.
|
| 500 |
|
|
|a Incorporating the requirements of the 11th edition of the European Pharmacopoeia as amended by Supplements 11.1 to 11.5.
|
| 505 |
0 |
|
|a v. 1. Foreword -- Notices -- Preface -- British pharmacopoeia commission -- Expert advisory groups, panels of experts and working parties -- Code of practice -- Membership -- Staff -- Introduction -- General notices -- Monographs [Medicinal and Pharmaceutical Substances (A-I)].
|
| 526 |
8 |
|
|a PHR
|x Dr. Hasina Yasmin
Assistant Dean and Program Director
Course name: N/A
Namara Mariam Chowdhury
Senior Lecturer
School of Pharmacy
Course name: N/A
|
| 541 |
|
|
|a Hye Trade International
|e 43484, 43485, 43496, 45226
|
| 650 |
|
0 |
|a Pharmacopoeias.
|9 44450
|
| 650 |
|
0 |
|a Pharmacopoeias
|z Great Britain.
|
| 650 |
|
0 |
|a Drugs
|x Standards
|z Great Britain.
|9 44451
|
| 650 |
|
0 |
|a Pharmacy.
|9 44452
|
| 710 |
|
|
|a Great Britain.
|b Department of Health & Social Care.
|9 59992
|
| 710 |
|
|
|a Northern Ireland.
|b Department of Health (HI).
|9 59995
|
| 710 |
|
|
|a Great Britain.
|b Medicines and Healthcare products Regulatory Agency.
|9 59993
|
| 710 |
|
|
|a British Pharmacopoeia Commission.
|9 59994
|
| 852 |
1 |
|
|a Ayesha Abed Library
|c Reference Section
|
| 942 |
|
|
|2 ddc
|c BK
|
| 999 |
|
|
|c 46912
|d 46912
|
| 952 |
|
|
|0 0
|1 0
|2 ddc
|4 0
|6 615_110000000000000_BRI
|7 0
|9 76634
|a PHR
|b PHR
|d 2024-09-26
|e Hye Trade International
|g 26648.00
|l 0
|o 615.11 BRI
|p 3010043496
|r 2024-09-26
|t 3
|v 26648.00
|w 2024-09-26
|y BK
|x Requisitioned by Dr. Hasina Yasmin ; course name- N/A
|
| 952 |
|
|
|0 0
|1 0
|2 ddc
|4 0
|6 615_110000000000000_BRI
|7 1
|9 76635
|a BRACUL
|b BRACUL
|c REF
|d 2024-09-26
|e Hye Trade International
|g 26648.00
|l 0
|o 615.11 BRI
|p 3010043485
|r 2024-09-26
|t 2
|v 26648.00
|w 2024-09-26
|y BK
|x Requisitioned by Dr. Hasina Yasmin ; course name- N/A
|
| 952 |
|
|
|0 0
|1 0
|2 ddc
|4 0
|6 615_110000000000000_BRI
|7 1
|9 76646
|a BRACUL
|b BRACUL
|c REF
|d 2024-09-26
|e Hye Trade International
|g 26853.33
|l 0
|o 615.11 BRI
|p 3010043484
|r 2024-09-26
|t 1
|v 26853.33
|w 2024-09-26
|y BK
|x Requisitioned by Dr. Hasina Yasmin ; course name- N/A
|
| 952 |
|
|
|0 0
|1 0
|2 ddc
|4 0
|6 615_110000000000000_BRI
|7 1
|9 78614
|a BRACUL
|b BRACUL
|c REF
|d 2025-12-09
|e Book Finder International
|g 34765.50
|l 0
|o 615.11 BRI
|p 3010045226
|r 2025-12-09
|t 4
|v 69531.00
|w 2025-12-09
|y BK
|x Requisitioned by Namara Mariam Chowdhury (Senior Lecturer, School of Pharmacy, BRAC University); course name- N/A
|